<?xml version="1.0" encoding="UTF-8"?>
<record
    xmlns:xsi="http://www.w3.org/2001/XMLSchema-instance"
    xsi:schemaLocation="http://www.loc.gov/MARC21/slim http://www.loc.gov/standards/marcxml/schema/MARC21slim.xsd"
    xmlns="http://www.loc.gov/MARC21/slim">

  <leader>00940nam a22001817a 4500</leader>
  <controlfield tag="003">OSt</controlfield>
  <controlfield tag="005">20250122122329.0</controlfield>
  <controlfield tag="008">250122b        |||||||| |||| 00| 0 eng d</controlfield>
  <datafield tag="082" ind1=" " ind2=" ">
    <subfield code="a">891.433</subfield>
    <subfield code="b">SO5I</subfield>
  </datafield>
  <datafield tag="100" ind1=" " ind2=" ">
    <subfield code="a">&#x938;&#x94B;&#x928;&#x940;, &#x936;&#x941;&#x92D;&#x93E;&#x902;&#x917;&#x940; </subfield>
  </datafield>
  <datafield tag="245" ind1=" " ind2=" ">
    <subfield code="a">21&#x935;&#x940;&#x902; &#x938;&#x926;&#x940; &#x915;&#x947; &#x92E;&#x939;&#x93F;&#x932;&#x93E; &#x909;&#x92A;&#x928;&#x94D;&#x92F;&#x93E;&#x938; &#x932;&#x947;&#x916;&#x928; &#x92E;&#x947;&#x902; &#x935;&#x93F;&#x935;&#x93F;&#x927; &#x935;&#x93F;&#x92E;&#x930;&#x94D;&#x936; &#x915;&#x947; &#x935;&#x93F;&#x936;&#x947;&#x937; &#x938;&#x928;&#x94D;&#x926;&#x930;&#x94D;&#x92D; &#x92E;&#x947;&#x902;(2001-2020 &#x924;&#x915;)</subfield>
    <subfield code="c">by &#x936;&#x941;&#x92D;&#x93E;&#x902;&#x917;&#x940; &#x938;&#x94B;&#x928;&#x940;; guided by &#x90F;&#x928;. &#x932;&#x915;&#x94D;&#x937;&#x94D;&#x92E;&#x940; &#x905;&#x92F;&#x94D;&#x92F;&#x930;</subfield>
  </datafield>
  <datafield tag="260" ind1=" " ind2=" ">
    <subfield code="a">&#x930;&#x93E;&#x91C;&#x938;&#x94D;&#x925;&#x93E;&#x928; &#x915;&#x947;&#x928;&#x94D;&#x926;&#x94D;&#x930;&#x940;&#x92F; &#x935;&#x93F;&#x936;&#x94D;&#x935;&#x935;&#x93F;&#x926;&#x94D;&#x92F;&#x93E;&#x932;&#x92F; </subfield>
    <subfield code="c">2024</subfield>
  </datafield>
  <datafield tag="300" ind1=" " ind2=" ">
    <subfield code="a">x, 230p.</subfield>
    <subfield code="b">Hardback</subfield>
    <subfield code="e">DVD</subfield>
  </datafield>
  <datafield tag="653" ind1=" " ind2=" ">
    <subfield code="a">&#x939;&#x93F;&#x928;&#x94D;&#x926;&#x940; &#x938;&#x93E;&#x939;&#x93F;&#x924;&#x94D;&#x92F; </subfield>
  </datafield>
  <datafield tag="653" ind1=" " ind2=" ">
    <subfield code="a">&#x92E;&#x939;&#x93F;&#x932;&#x93E; &#x909;&#x92A;&#x928;&#x94D;&#x92F;&#x93E;&#x938; </subfield>
  </datafield>
  <datafield tag="700" ind1=" " ind2=" ">
    <subfield code="a">&#x905;&#x92F;&#x94D;&#x92F;&#x930;, &#x90F;&#x928;. &#x932;&#x915;&#x94D;&#x937;&#x94D;&#x92E;&#x940; </subfield>
    <subfield code="e">&#x936;&#x94B;&#x927; &#x928;&#x93F;&#x930;&#x94D;&#x926;&#x947;&#x936;&#x915; </subfield>
  </datafield>
  <datafield tag="942" ind1=" " ind2=" ">
    <subfield code="2">ddc</subfield>
    <subfield code="c">TH</subfield>
  </datafield>
  <datafield tag="999" ind1=" " ind2=" ">
    <subfield code="c">28080</subfield>
    <subfield code="d">28080</subfield>
  </datafield>
  <datafield tag="952" ind1=" " ind2=" ">
    <subfield code="0">0</subfield>
    <subfield code="1">0</subfield>
    <subfield code="2">ddc</subfield>
    <subfield code="4">0</subfield>
    <subfield code="5">1</subfield>
    <subfield code="7">1</subfield>
    <subfield code="a">CURAJ</subfield>
    <subfield code="b">CURAJ</subfield>
    <subfield code="d">2025-01-22</subfield>
    <subfield code="l">0</subfield>
    <subfield code="o">891.433 SO5I</subfield>
    <subfield code="p">TH299</subfield>
    <subfield code="r">2025-01-22</subfield>
    <subfield code="w">2025-01-22</subfield>
    <subfield code="y">TH</subfield>
  </datafield>
</record>
